[Event "GER-chT LG-1 Br04 email"]
[Site "GER email"]
[Date "2007.10.25"]
[Round "?.4"]
[White "Koetz, Andreas"]
[Black "Schulz, Volker"]
[Result "1/2-1/2"]
[WhiteElo "2214"]
[BlackElo "2330"]
[PlyCount "52"]
[EventDate "2007.??.??"]
[EventType "tourn (corr)"]
[EventRounds "7"]
[EventCountry "GER"]
[SourceTitle "Corr 2011"]
[Source "ChessBase"]
[SourceDate "2010.08.31"]
[SourceVersion "1"]
[SourceVersionDate "2010.08.31"]
[SourceQuality "1"]

1. d4 Nf6 2. c4 e6 3. g3 c5 4. Nf3 cxd4 5. Nxd4 Qb6 6. Bg2 Bc5 7. e3 Nc6 8. 0-0 Nxd4 9. exd4 Bxd4 10. Nc3 e5 11. Nb5 Bc5 12. Bg5 0-0 13. a4 a5 14. Qf3 h6 15. Bxf6 Qxf6 16. Qxf6 gxf6 17. Rfd1 Ra6 18. Bh3 d6 19. Bxc8 Rxc8 20. Rd5 Kg7 21. b3 f5 22. Rad1 Rcc6 23. Kg2 Kg6 24. f3 f6 25. R1d2 Rab6 26. Rd1 Rc8 1/2-1/2

[Event "GER-chT LG-1 email"]
[Site "GER email"]
[Date "2007.10.25"]
[Round "?"]
[White "Mantwill, Reiner"]
[Black "Koetz, Andreas"]
[Result "1-0"]
[WhiteElo "2000"]
[BlackElo "2000"]
[PlyCount "109"]
[EventDate "2007.??.??"]
[EventType "tourn (corr)"]
[EventRounds "8"]
[EventCountry "GER"]
[SourceTitle "Corr 2011"]
[Source "ChessBase"]
[SourceDate "2010.08.31"]
[SourceVersion "1"]
[SourceVersionDate "2010.08.31"]
[SourceQuality "1"]

1. e4 c5 2. c3 d5 3. exd5 Qxd5 4. d4 Nf6 5. Nf3 e6 6. Na3 Qd8 7. Nc2 Be7 8. Bd3 0-0 9. 0-0 b6 10. Qe2 Bb7 11. Bf4 Nbd7 12. Rad1 Qc8 13. Ne5 Rd8 14. Rfe1 Nf8 15. Bg3 a6 16. Ne3 b5 17. h4 c4 18. Bc2 Ra7 19. h5 h6 20. N3g4 Nd5 21. Ne3 Bd6 22. Bh4 f6 23. Nxd5 Bxd5 24. Ng4 Rf7 25. Ne3 Bb7 26. Qg4 f5 27. Qh3 Re8 28. d5 Bxd5 29. Kf1 Bb8 30. Nxd5 exd5 31. Rxe8 Qxe8 32. Rxd5 Qe6 33. Rxf5 Bf4 34. Rxf7 Qxf7 35. Qg4 Bc1 36. b3 Bb2 37. bxc4 Qxc4+ 38. Qxc4+ bxc4 39. Be4 g5 40. hxg6 Kg7 41. Bd5 Bxc3 42. Bxc4 a5 43. Ke2 Nxg6 44. Bd8 h5 45. Ke3 Ne5 46. Bb5 Ng4+ 47. Kd3 Be1 48. f3 Ne5+ 49. Ke4 Nf7 50. Bc7 Kf6 51. Be8 Ng5+ 52. Kd5 h4 53. f4 Nh7 54. Ba4 Nf8 55. Be5+ 1-0